Politicas y estrategias para la transformación de la educación superior en América latina y el caribe (Registro nro. 24993)
[ vista simple ]
| 000 -ENCABEZADO | |
|---|---|
| Número de control [NR] | 01102nam a2200241Ia 4500 |
| 005 - FECHA Y HORA DE LA ÚLTIMA TRANSACCIÓN | |
| control field | 20211108102846.0 |
| 008 - DE LONGITUD FIJA DE DATOS DE ELEMENTOS - INFORMACIÓN GENERAL | |
| Elementos de longitud fija [NR] | 130821s1997 ck gr spa |
| 040 ## - FUENTE DE CATALOGACION [NR] | |
| Agencia de catalogación original [NR] | CO-BoUCM |
| Idioma de catalogación [NR] | spa |
| Quien Cataloga | Jose A. Gerena (modificó) |
| Quien Clasifica | [Nuevo] |
| 041 00 - CODIGO DE IDIOMA [R] | |
| Código de idioma para texto/pista de sonido o título separado [R] | Español |
| 111 ## - ASIENTO PRINCIPAL--NOMBRE DE REUNION [NR] | |
| Nombre de reunión o de jurisdicción como elemento de entrada [NR] | Políticas y estrategias para la transformación de la educación superior en América latina y el caribe hacia una agenda de la Educación Superior |
| 9 (RLIN) | 83321 |
| 240 1# - TITULO UNIFORME [NR] | |
| Título uniforme [NR] | <a href="Memorias">Memorias</a> |
| 245 00 - MENCION DE TITULO [NR] | |
| Título [NR] | Politicas y estrategias para la transformación de la educación superior en América latina y el caribe |
| Mención de responsabilidad, etc. [NR] | Asociación Colombiana de Universidades. ASCUN |
| 260 ## - PUBLICACION, DISTRIBUCION, ETC. (PIE DE IMPRENTA) [R] | |
| Lugar de publicación, distribución, etc. [R] | Bogotá (Colombia) |
| Nombre del editor, distribuidor, etc. [R] | ASCUN |
| Fecha de publicación, distribución, etc. [R] | 1997 |
| 300 ## - DESCRIPCION FISICA [R] | |
| Extensión [R] | 417 páginas |
| 650 04 - ASIENTO SECUNDARIO DE MATERIA - TERMINO TEMATICO [R] | |
| Término temático o nombre geográfico como elemento de entrada [NR] | Calidad de la educación |
| 9 (RLIN) | 10315 |
| 650 04 - ASIENTO SECUNDARIO DE MATERIA - TERMINO TEMATICO [R] | |
| Término temático o nombre geográfico como elemento de entrada [NR] | Educación superior |
| 9 (RLIN) | 177 |
| 650 04 - ASIENTO SECUNDARIO DE MATERIA - TERMINO TEMATICO [R] | |
| Término temático o nombre geográfico como elemento de entrada [NR] | Educación superior |
| Subdivisión de forma [R] | Congresos, conferencias, etc. |
| 9 (RLIN) | 71264 |
| 650 04 - ASIENTO SECUNDARIO DE MATERIA - TERMINO TEMATICO [R] | |
| Término temático o nombre geográfico como elemento de entrada [NR] | Educación superior |
| Subdivisión general [R] | Financiación |
| 9 (RLIN) | 177 |
| 690 #0 - ASUNTO AGREGADO LOCAL DE ENTRADA - TÉRMINO TEMÁTICO (OCLC, RLIN) | |
| Acceso temático local | Educación superior |
| 9 (RLIN) | 177 |
| 710 1# - ASIENTO SECUNDARIO - NOMBRE CORPORATIVO [R] | |
| Nombre corporativo o de jurisdicción como elemento de entrada [NR] | Asociación Colombia de Universidades ASCUN |
| 9 (RLIN) | 83322 |
| 942 ## - ELEMENTOS DE ENTRADA AGREGADOS (KOHA) | |
| Tipo de ítem principal el descrito en 300a | Libro |
| Tema principal | Generalidades |
| Edición | 1 |
| Parte restante de la signatura top. | E52M |
| Sistema de clasificación | DEWEY |
| Clasificación | 378.861 |
| Fecha de último préstamo | Total préstamos | Total Renewals | Signatura topográfica | Código de barras | Última vez visto | Volúmen / Fascículo | Ejemplar | Price effective from | Tipo de ítem | Perdido | Sistema de clasificación | Dañado | No prestable | Tipo de ítem específico | Suprimido | Ubicación habitual | Ubicación actual | Localización | Fecha de creación | Forma de adquisición | Costo |
|---|---|---|---|---|---|---|---|---|---|---|---|---|---|---|---|---|---|---|---|---|---|
| 20/06/2013 | 1 | 3 | 378.861 E52M | 100044851 | 05/12/2025 | 1997 | Ej.1 | 03/02/2013 | Libro | DEWEY | Libro | Claustro | Claustro | 2do piso | 28/02/2003 | 5000.00 |